Sanat - "On armas mulle aallon tie" - Statistics

Yleistilastot
  • Tätä visaa on pelattu 3 kertaa
  • Keskiarvotulos 66 / 99
Vastaustilastot
Vastaus % Oikein
aallon
100%
aallon
100%
armas
100%
armas
100%
hei
100%
hii
100%
hyrskivät
100%
hyrskivät
100%
hyrskivät
100%
hyrskivät
100%
hyrskivät
100%
hyrskivät
100%
ja
100%
ja
100%
ja
100%
ja
100%
jäät
100%
jällehen
100%
kun
100%
kun
100%
kun
100%
kun
100%
kun
100%
kun
100%
kun
100%
kun
100%
kun
100%
kun
100%
mulle
100%
mulle
100%
mulle
100%
nyt
100%
o
100%
o
100%
On
100%
on
100%
palaamme
100%
pian
100%
purtta
100%
purtta
100%
tie
100%
tie
100%
tyrskivät
100%
tyrskivät
100%
tyrskivät
100%
tyrskivät
100%
tyrskivät
100%
tyrskivät
100%
tyttösein
100%
veet
100%
veet
100%
veet
100%
veet
100%
veet
100%
veet
100%
veet
100%
veet
100%
veet
100%
veet
100%
veet
100%
veet
100%
vie
100%
vie
100%
mun
50%
mun
50%
mun
50%
myrskytuuli
50%
myrskytuuli
50%
äsken
0%
äsken
0%
hältä
0%
hältä
0%
Hän
0%
hellästi
0%
kas
0%
Kas
0%
kuiskii
0%
luokseni
0%
luokseni
0%
luokseni
0%
0%
0%
neitoain
0%
neitoain
0%
oi
0%
oi
0%
oi
0%
riennä
0%
riennä
0%
riennä
0%
sain
0%
sain
0%
suukon
0%
suukon
0%
taas
0%
taas
0%
taas
0%
uskollista
0%
uskollista
0%
Ehtoja vastaavia visoja ei löytynyt
Tulosjakauma
Jokaisen tuloksen saaneiden osuus
Persentiili vastausten määrän mukaan
Tuloshistoriasi
Et ole pelannut tätä visaa